The Iranian nuclear crisis : (Record no. 92684)
[ view plain ]
| 000 -LEADER | |
|---|---|
| fixed length control field | 01179nam a22002417a 4500 |
| 005 - DATE AND TIME OF LATEST TRANSACTION | |
| control field | 20150519160618.0 |
| 010 ## - LCCN (DPL NO) | |
| LC control number | ENG-112566 |
| 020 ## - INTERNATIONAL STANDARD BOOK NUMBER | |
| International Standard Book Number | 9789381904817 |
| Terms of availability | 1850.00 |
| 035 ## - SYSTEM CONTROL NUMBER | |
| System control number | EN-96098 |
| 037 ## - SOURCE OF ACQUISITION | |
| Source of stock number/acquisition | DBAD/PUB |
| 082 ## - DEWEY DECIMAL CLASSIFICATION NUMBER | |
| Classification number | 623.451190955 |
| 100 ## - MAIN ENTRY--PERSONAL NAME | |
| Personal name | Mousavian, Seyed Hossein |
| 245 00 - TITLE STATEMENT | |
| Title | The Iranian nuclear crisis : |
| Statement of responsibility, etc | by Seyed Hossein Mousavian |
| Remainder of title | a memoir / |
| 260 ## - PUBLICATION, DISTRIBUTION, ETC. (IMPRINT) | |
| Place of publication, distribution, etc | New Delhi |
| Name of publisher, distributor, etc | KW Publishers |
| Date of publication, distribution, etc | 2013(repr.) |
| 270 ## - ADDRESS | |
| Address | 4676/21, First Floor, Ansari Road, Daryaganj, |
| City | New Delhi |
| Postal code | 110002 |
| 300 ## - PHYSICAL DESCRIPTION | |
| Extent | xii,597p. |
| Dimensions | 24cm(Hb) |
| 500 ## - GENERAL NOTE | |
| General note | Includes bibliographical references and index. |
| 505 ## - FORMATTED CONTENTS NOTE | |
| Formatted contents note | The origin and development of Iran’s nuclear program -- The first crisis -- From Tehran to Paris -- From the Paris Agreement to the 2005 presidential election -- The larijani period -- To the Security Council -- Back to the Security Council and a new domestic situation -- Iran alone: the Jalili period -- U.S. engagement -- The crisis worsens -- Conclusion. |
| 600 ## - SUBJECT ADDED ENTRY--PERSONAL NAME | |
| Personal name | Mousavian, Seyyed Hossein, |
| Dates associated with a name | 1967- |
| 650 ## - SUBJECT ADDED ENTRY--TOPICAL TERM | |
| Topical term or geographic name as entry element | Nuclear nonproliferation |
| Geographic subdivision | Iran. |
| 650 ## - SUBJECT ADDED ENTRY--TOPICAL TERM | |
| Topical term or geographic name as entry element | Nuclear weapons |
| Geographic subdivision | Iran. |
| 942 ## - ADDED ENTRY ELEMENTS (KOHA) | |
| Source of classification or shelving scheme | Dewey Decimal Classification |
| Item type | English Books |
| Call number suffix | MOU |
| Classification part | 623.451190955 |
| Withdrawn status | Lost status | Not for loan | Collection code | Home library | Current library | Date acquired | Source of acquisition | Cost, normal purchase price | Full call number | Barcode | Copy number | Cost, replacement price | Koha item type |
|---|---|---|---|---|---|---|---|---|---|---|---|---|---|
| Not For Loan | Non-fiction | D.B.Act.Division | D.B.Act.Division | 01/04/2015 | DBAD/PUB | 1850.00 | 623.451190955 MOU | EN-96098 | 1 | 1850.00 | English Books |
